00303nam a2200121 a 450008200130000010000210001324500410003426000330007530000090010850000350011750500100015265000190016200a230bTRE aTrends, Emerging aFrontiers in Asian Christian Thology aNew YorkbOrbis Books c1994 a263p aincludes index and biblioraphy2 aIndex aTheology-Asian